Beszámoló az International Federation of Social Workers (IFSW) prágai küldöttgyűléséről és konferenciájáról
Beszámoló az IFSW (International Federation of Social Workers / Szociális Munkások Nemzetközi Szövetsége) Európa régiójának 2023. májusában Prágában megrendezett éves küldöttgyűléséről és szakmai konferenciájáról. A Szociális Munkások Magyarországi Egyesülete (SzMME) 4 fővel vett részt az eseményen...
Elmentve itt :
| Szerzők: | |
|---|---|
| Dokumentumtípus: | Cikk |
| Megjelent: |
2023
|
| Sorozat: | PÁRBESZÉD SZOCIÁLIS MUNKA FOLYÓIRAT
10 No. 1 |
| Tárgyszavak: | |
| doi: | 10.29376/parbeszed.2023.10/1/3 |
| mtmt: | 34130254 |
| Online Access: | http://publicatio.bibl.u-szeged.hu/29479 |
| LEADER | 01389nab a2200253 i 4500 | ||
|---|---|---|---|
| 001 | publ29479 | ||
| 005 | 20240201143517.0 | ||
| 008 | 240201s2023 hu o 000 Magyar d | ||
| 022 | |a 2416-0474 | ||
| 024 | 7 | |a 10.29376/parbeszed.2023.10/1/3 |2 doi | |
| 024 | 7 | |a 34130254 |2 mtmt | |
| 040 | |a SZTE Publicatio Repozitórium |b hun | ||
| 041 | |a Magyar | ||
| 100 | 1 | |a Meleg Sándor Zsolt | |
| 245 | 1 | 0 | |a Beszámoló az International Federation of Social Workers (IFSW) prágai küldöttgyűléséről és konferenciájáról |h [elektronikus dokumentum] / |c Meleg Sándor Zsolt |
| 260 | |c 2023 | ||
| 300 | |a 7 | ||
| 490 | 0 | |a PÁRBESZÉD SZOCIÁLIS MUNKA FOLYÓIRAT |v 10 No. 1 | |
| 520 | 3 | |a Beszámoló az IFSW (International Federation of Social Workers / Szociális Munkások Nemzetközi Szövetsége) Európa régiójának 2023. májusában Prágában megrendezett éves küldöttgyűléséről és szakmai konferenciájáról. A Szociális Munkások Magyarországi Egyesülete (SzMME) 4 fővel vett részt az eseményen jelenléti és online formában. A cikk összefoglalja azokat a szakmai témákat, felvetéseket, melyek köré a konferencia szerveződött. | |
| 650 | 4 | |a Szociológia | |
| 700 | 0 | 1 | |a Mihály Bulcsú |e aut |
| 700 | 0 | 1 | |a Gosztonyi Géza |e aut |
| 700 | 0 | 1 | |a Tóth Anikó Panna |e aut |
| 856 | 4 | 0 | |u http://publicatio.bibl.u-szeged.hu/29479/1/ParbeszedMelegSandor2024.pdf |z Dokumentum-elérés |